Analytical groundwater mechanics (Record no. 34363)

MARC details
000 -LEADER
fixed length control field 00602nam a2200145 a 4500
008 - FIXED-LENGTH DATA ELEMENTS--GENERAL INFORMATION
fixed length control field 200804s2017 ||||||||||||||||| || u
020 ## - INTERNATIONAL STANDARD BOOK NUMBER
International Standard Book Number 9781107148833
050 ## - LIBRARY OF CONGRESS CALL NUMBER
Classification number GB 1197.7 Str
100 ## - MAIN ENTRY--PERSONAL NAME
Personal name Strack, Otto D. L
245 10 - TITLE STATEMENT
Title Analytical groundwater mechanics
Statement of responsibility, etc. By Otto D. L. Strack
260 ## - PUBLICATION, DISTRIBUTION, ETC.
Place of publication, distribution, etc. Cambridge
Name of publisher, distributor, etc. Cambridge University Press
Date of publication, distribution, etc. 2017
300 ## - PHYSICAL DESCRIPTION
Extent xi, 325 pages : illustrations
650 ## - SUBJECT ADDED ENTRY--TOPICAL TERM
Topical term or geographic name entry element GROUNDWATER FLOW--MATHEMATICAL MODELS
995 ## - RECOMMENDATION 995 [LOCAL, UNIMARC FRANCE]
-- 98.58
-- CBU-MAIN LIBRARY (Kitwe)
-- 1
-- AVAILABLE
-- Aug 5, 2020
-- Main Library Open Access Collection
Holdings
Withdrawn status Lost status Source of classification or shelving scheme Damaged status Not for loan Home library Current library Shelving location Date acquired Total Checkouts Full call number Barcode Date last seen Price effective from Koha item type
          CBU-MAIN LIBRARY, KITWE. CBU-MAIN LIBRARY, KITWE.   11/30/2022   GB 1197.7 Str 750477 11/30/2022 11/30/2022 MONOGRAPH